<?xml version="1.0" encoding="UTF-8"?>
<record
    xmlns:xsi="http://www.w3.org/2001/XMLSchema-instance"
    xsi:schemaLocation="http://www.loc.gov/MARC21/slim http://www.loc.gov/standards/marcxml/schema/MARC21slim.xsd"
    xmlns="http://www.loc.gov/MARC21/slim">

  <leader>00409nam a22001217a 4500</leader>
  <controlfield tag="003">OSt</controlfield>
  <datafield tag="082" ind1=" " ind2=" ">
    <subfield code="a">W -1</subfield>
  </datafield>
  <datafield tag="100" ind1=" " ind2=" ">
    <subfield code="a">AJITHA SURESH, JULY T.JOSE, LINTO ANTONY, SACHU R, ANU P KARTHIKEYAN KIRAN K R, RAKESH G NAIR, URSULA V A</subfield>
  </datafield>
  <datafield tag="245" ind1=" " ind2=" ">
    <subfield code="a">STUDY ON PERFORMANCE EVALUATION SERVICE CO-OPERATIVE BANK</subfield>
  </datafield>
  <datafield tag="250" ind1=" " ind2=" ">
    <subfield code="a">2012</subfield>
  </datafield>
  <datafield tag="700" ind1=" " ind2=" ">
    <subfield code="a">R, ANU P KARTHIKEYAN KIRAN K R, RAKESH G NAIR, URSULA V A</subfield>
  </datafield>
  <datafield tag="942" ind1=" " ind2=" ">
    <subfield code="2">ddc</subfield>
    <subfield code="c">TH</subfield>
  </datafield>
  <datafield tag="999" ind1=" " ind2=" ">
    <subfield code="c">177335</subfield>
    <subfield code="d">177335</subfield>
  </datafield>
  <datafield tag="952" ind1=" " ind2=" ">
    <subfield code="0">0</subfield>
    <subfield code="1">0</subfield>
    <subfield code="2">ddc</subfield>
    <subfield code="4">0</subfield>
    <subfield code="7">0</subfield>
    <subfield code="a">KAUCBV</subfield>
    <subfield code="b">KAUCBV</subfield>
    <subfield code="d">2016-08-09</subfield>
    <subfield code="l">0</subfield>
    <subfield code="o">W 1</subfield>
    <subfield code="p">KAU_CCBM-W-01</subfield>
    <subfield code="r">2016-08-09 00:00:00</subfield>
    <subfield code="w">2016-08-09</subfield>
    <subfield code="y">TH</subfield>
  </datafield>
</record>
